| 000 | 00591 a2200193 4500 | ||
|---|---|---|---|
| 001 | 067135 | ||
| 003 | OSt | ||
| 005 | 20211029150024.0 | ||
| 008 | |||
| 082 |
_a005.133 _bH78F |
||
| 100 | 1 | _aHorowitz, Ellis | |
| 245 | 1 |
_aFundamentals of data structures in C++ _cby Ellis Horowitz and Sartaj Sahni |
|
| 250 | _a2nd ed. | ||
| 260 |
_aHyderabad _bUniversity Press _c2007 |
||
| 300 | _a694p. | ||
| 690 | _aData structures (Computer science); C (Computer program language); Pascal (Computer program language) | ||
| 700 | _aSahni, Sartaj | ||
| 942 |
_2ddc _cBK |
||
| 999 |
_c1114 _d1114 |
||